Kniha lesů, vod a strání

Bibliographic Details
Main Author: Neumann, Stanislav Kostka, 1875-1947 (Author)
Format: Book
Language:Czech
PhysicalDescription:129 s. 27 cm
Published: Praha Československý spisovatel Spolek českých bibliofilů [vyd.] 1952
Series:Díla
Subjects:

MARC

LEADER 00000nam a2200000 a 4500
001 vtls001224902
003 SK-MaSNL
005 20260301234232.0
008 251113s1952 xr a g 0 cze
020 |c 20,00 
035 |a SNK000171619 
040 |a SNK  |b slo  |c SNK  |e AACR2 
044 |a xr  |c CZ 
080 |a 885-1 Neumann, Stanislav Kostka  |2 1981 
100 1 |a Neumann, Stanislav Kostka,  |d 1875-1947  |4 aut  |9 113518 
245 1 |a Kniha lesů, vod a strání  |c Stanislav K. Neumann ; [s devíti litografiemi a obálkou Arno Naumana] 
260 |a Praha  |b Československý spisovatel  |b Spolek českých bibliofilů [vyd.]  |c 1952 
300 |a 129 s.  |c 27 cm 
490 1 |a Díla  |v sv. 4 
500 |a Bibliofilské vyd. 
650 0 7 |a literatúra česká  |x poézia  |2 SNK  |9 284305 
655 7 |a česká poézia  |2 SNK  |9 70569 
830 0 |a Díla  |9 629934 
852 |a Štátna vedecká knižnica v Banskej Bystrici 
999 |c 969369  |d 971299 
952 |t P60, <04>, [BOOK], {605}  |a SNK  |b SNK  |y VYP  |7 0  |p 17A0024075  |o snkIB 69646  |i snkK 1767/96  |0 0  |1 0  |4 0  |d 1996-12-10  |l 0  |r 2005-01-01 00:00:00  |w 2026-02-24